000 00499nam a2200121Ia 4500
008 171212s9999 xx 000 0 und d
020 _a9780865592773
100 _aGroom, Gloria;Westerby, Genevieve;Keegan, Kelly
245 _cGroom, Gloria;Westerby, Genevieve;Keegan, Kelly
_aParis Street; Rainy Day from Caillebotte Paintings and Drawings at the Art Institute of Chicago
260 _bArt Institute of Chicago
_c2015
650 _aArt & Art History
856 _uhttp://jstor.org/stable/j.ctt1vjqph6
999 _c351427
_d351427